Na čo sú nám policajti s nadšením zarytých ekológov

Rozhovor s šéfom environmentálnej kriminálky plukovníkom Máriom Kernom o trestných činoch proti prírode, o nelegálnom cezhraničnom vývoze nebezpečných odpadov, o organizovaných skupinách páchajúcich trestné činy, o sankciách, o trestnej zodpovednosti právnických osôb, o vývoze psov a mačiek, o neleg...

Description complète

Enregistré dans:
Détails bibliographiques
Auteur principal: Haluza, Ivan
Autres auteurs: Kern, Mário
Format: Chapitre de livre
Langue:slovaque
Sujets:
Tags: Ajouter un tag
Pas de tags, Soyez le premier à ajouter un tag!

MARC

LEADER 00000naa a2200000 4500
001 0220624
005 20231113105252.2
041 0 |a slo 
044 |a SK 
245 1 0 |a Na čo sú nám policajti s nadšením zarytých ekológov  |c Ivan Haluza, Mário Kern 
520 |a Rozhovor s šéfom environmentálnej kriminálky plukovníkom Máriom Kernom o trestných činoch proti prírode, o nelegálnom cezhraničnom vývoze nebezpečných odpadov, o organizovaných skupinách páchajúcich trestné činy, o sankciách, o trestnej zodpovednosti právnických osôb, o vývoze psov a mačiek, o nelegálnom obchodovaní s drevom. 
610 2 0 |a činy trestné 
610 2 0 |a kriminalita 
610 2 0 |a ekológia 
610 2 0 |a ochrana lesa 
610 2 0 |a ochrana prírody 
610 2 0 |a ochrana prostredia životného 
610 2 0 |a odpad 
610 2 0 |a zvieratá 
610 2 0 |a firmy 
100 1 |a Haluza, Ivan 
700 1 |a Kern, Mário